<?xml version="1.0" encoding="UTF-8"?>
<marc:record xmlns:marc="http://www.loc.gov/MARC21/slim" type="Bibliographic">
   <marc:leader>00000pam a2200000 c 4500</marc:leader>
   <marc:controlfield tag="001">973344237</marc:controlfield>
   <marc:controlfield tag="003">DE-101</marc:controlfield>
   <marc:controlfield tag="005">20171203173705.0</marc:controlfield>
   <marc:controlfield tag="007">tu</marc:controlfield>
   <marc:controlfield tag="008">050107s2005    au ||||| |||| 00||||ger  </marc:controlfield>
   <marc:datafield ind1=" " ind2=" " tag="015">
      <marc:subfield code="a">05,A21,1014</marc:subfield>
      <marc:subfield code="z">05,N05,1237</marc:subfield>
      <marc:subfield code="2">dnb</marc:subfield>
   </marc:datafield>
   <marc:datafield ind1="7" ind2=" " tag="016">
      <marc:subfield code="2">DE-101</marc:subfield>
      <marc:subfield code="a">973344237</marc:subfield>
   </marc:datafield>
   <marc:datafield ind1=" " ind2=" " tag="020">
      <marc:subfield code="a">9783901488085</marc:subfield>
      <marc:subfield code="c">kart. : EUR 14.90 (DE), EUR 14.90 (AT), sfr 25.80</marc:subfield>
      <marc:subfield code="9">978-3-901488-08-5</marc:subfield>
   </marc:datafield>
   <marc:datafield ind1=" " ind2=" " tag="020">
      <marc:subfield code="a">3901488081</marc:subfield>
      <marc:subfield code="c">kart. : EUR 14.90 (DE), EUR 14.90 (AT), sfr 25.80</marc:subfield>
      <marc:subfield code="9">3-901488-08-1</marc:subfield>
   </marc:datafield>
   <marc:datafield ind1="3" ind2=" " tag="024">
      <marc:subfield code="a">9783901488085</marc:subfield>
   </marc:datafield>
   <marc:datafield ind1=" " ind2=" " tag="035">
      <marc:subfield code="a">(DE-599)DNB973344237</marc:subfield>
   </marc:datafield>
   <marc:datafield ind1=" " ind2=" " tag="035">
      <marc:subfield code="a">(OCoLC)76641291</marc:subfield>
   </marc:datafield>
   <marc:datafield ind1=" " ind2=" " tag="040">
      <marc:subfield code="a">1145</marc:subfield>
      <marc:subfield code="b">ger</marc:subfield>
      <marc:subfield code="c">DE-101</marc:subfield>
      <marc:subfield code="d">9999</marc:subfield>
   </marc:datafield>
   <marc:datafield ind1=" " ind2=" " tag="041">
      <marc:subfield code="a">ger</marc:subfield>
   </marc:datafield>
   <marc:datafield ind1=" " ind2=" " tag="044">
      <marc:subfield code="c">XA-AT</marc:subfield>
   </marc:datafield>
   <marc:datafield ind1="7" ind2="4" tag="082">
      <marc:subfield code="a">610</marc:subfield>
      <marc:subfield code="q">DE-101</marc:subfield>
      <marc:subfield code="2">22sdnb</marc:subfield>
   </marc:datafield>
   <marc:datafield ind1=" " ind2=" " tag="090">
      <marc:subfield code="a">b</marc:subfield>
   </marc:datafield>
   <marc:datafield ind1="1" ind2=" " tag="100">
      <marc:subfield code="0">(DE-588)128944277</marc:subfield>
      <marc:subfield code="0">http://d-nb.info/gnd/128944277</marc:subfield>
      <marc:subfield code="0">(DE-101)128944277</marc:subfield>
      <marc:subfield code="a">Walzl, Manfred</marc:subfield>
      <marc:subfield code="e">Verfasser</marc:subfield>
      <marc:subfield code="4">aut</marc:subfield>
   </marc:datafield>
   <marc:datafield ind1="0" ind2="0" tag="245">
      <marc:subfield code="a">Schlaf gut!</marc:subfield>
      <marc:subfield code="b">Einschlafschwierigkeiten und Durchschlafprobleme beseitigen ; schnarchen, nächtliche Atemstillstände, Schlafwandeln, restless legs</marc:subfield>
      <marc:subfield code="c">Manfred Walzl</marc:subfield>
   </marc:datafield>
   <marc:datafield ind1=" " ind2=" " tag="250">
      <marc:subfield code="a">1. Aufl.</marc:subfield>
   </marc:datafield>
   <marc:datafield ind1=" " ind2=" " tag="259">
      <marc:subfield code="a">11</marc:subfield>
   </marc:datafield>
   <marc:datafield ind1=" " ind2="1" tag="264">
      <marc:subfield code="a">Wien</marc:subfield>
      <marc:subfield code="b">Verl.-Haus der Ärzte</marc:subfield>
      <marc:subfield code="c">2005</marc:subfield>
   </marc:datafield>
   <marc:datafield ind1=" " ind2=" " tag="300">
      <marc:subfield code="a">141 S.</marc:subfield>
      <marc:subfield code="b">Ill., graph. Darst.</marc:subfield>
      <marc:subfield code="c">22 cm</marc:subfield>
   </marc:datafield>
   <marc:datafield ind1=" " ind2=" " tag="336">
      <marc:subfield code="a">Text</marc:subfield>
      <marc:subfield code="b">txt</marc:subfield>
      <marc:subfield code="2">rdacontent</marc:subfield>
   </marc:datafield>
   <marc:datafield ind1=" " ind2=" " tag="337">
      <marc:subfield code="a">ohne Hilfsmittel zu benutzen</marc:subfield>
      <marc:subfield code="b">n</marc:subfield>
      <marc:subfield code="2">rdamedia</marc:subfield>
   </marc:datafield>
   <marc:datafield ind1=" " ind2=" " tag="338">
      <marc:subfield code="a">Band</marc:subfield>
      <marc:subfield code="b">nc</marc:subfield>
      <marc:subfield code="2">rdacarrier</marc:subfield>
   </marc:datafield>
   <marc:datafield ind1=" " ind2=" " tag="500">
      <marc:subfield code="a">Literaturverz. S. 125 - 127</marc:subfield>
   </marc:datafield>
   <marc:datafield ind1=" " ind2=" " tag="520">
      <marc:subfield code="a">Mehr als 30 Millionen Menschen leiden in Österreich, Deutschland und der Schweiz an Schlafstörungen. Menschen mit Schlafstörungen sind tagsüber verstimmt, gereizt, vermindert leistungsfähig und die Unfallgefahr steigt extrem an. Das muss nicht sein. Immerhin bietet die Schlafforschung gute Hilfe für die bisher bekannten rund 90 verschiedenen Formen der Schlafstörungen an. In diesem Buch wird aufgezeigt, welche Schlafstörungen wie behandelt werden können. Wie man damit wieder Lebensqualität gewinnt und was jeder einzelne selbst dazu tun kann, um guten Schlaf zu finden. Selbsttests weisen den Weg zur Diagnose.</marc:subfield>
   </marc:datafield>
   <marc:datafield ind1=" " ind2="7" tag="650">
      <marc:subfield code="0">(DE-588)4052584-3</marc:subfield>
      <marc:subfield code="0">http://d-nb.info/gnd/4052584-3</marc:subfield>
      <marc:subfield code="0">(DE-101)040525848</marc:subfield>
      <marc:subfield code="a">Schlafstörung</marc:subfield>
      <marc:subfield code="2">gnd</marc:subfield>
   </marc:datafield>
   <marc:datafield ind1=" " ind2=" " tag="653">
      <marc:subfield code="a">(VLB-FS)Gesundheitsratgeber</marc:subfield>
   </marc:datafield>
   <marc:datafield ind1=" " ind2=" " tag="653">
      <marc:subfield code="a">(VLB-FS)Schlafstörung</marc:subfield>
   </marc:datafield>
   <marc:datafield ind1=" " ind2=" " tag="653">
      <marc:subfield code="a">(VLB-FS)Schlafproblem</marc:subfield>
   </marc:datafield>
   <marc:datafield ind1=" " ind2=" " tag="653">
      <marc:subfield code="a">(VLB-PF)BB: Gebunden</marc:subfield>
   </marc:datafield>
   <marc:datafield ind1=" " ind2=" " tag="653">
      <marc:subfield code="a">(VLB-WI)1: Hardcover, Softcover, Karte</marc:subfield>
   </marc:datafield>
   <marc:datafield ind1=" " ind2=" " tag="653">
      <marc:subfield code="a">(VLB-WG)462: Gesundheit, Körperpflege / Ratgeber Gesundheit</marc:subfield>
   </marc:datafield>
   <marc:datafield ind1=" " ind2="7" tag="655">
      <marc:subfield code="0">(DE-588)4048476-2</marc:subfield>
      <marc:subfield code="0">http://d-nb.info/gnd/4048476-2</marc:subfield>
      <marc:subfield code="0">(DE-101)040484769</marc:subfield>
      <marc:subfield code="a">Ratgeber</marc:subfield>
      <marc:subfield code="2">gnd-content</marc:subfield>
   </marc:datafield>
   <marc:datafield ind1=" " ind2="7" tag="655">
      <marc:subfield code="a">Ratgeber</marc:subfield>
      <marc:subfield code="2">gnd</marc:subfield>
   </marc:datafield>
   <marc:datafield ind1="0" ind2="0" tag="689">
      <marc:subfield code="0">(DE-588)4052584-3</marc:subfield>
      <marc:subfield code="0">http://d-nb.info/gnd/4052584-3</marc:subfield>
      <marc:subfield code="0">(DE-101)040525848</marc:subfield>
      <marc:subfield code="D">s</marc:subfield>
      <marc:subfield code="a">Schlafstörung</marc:subfield>
   </marc:datafield>
   <marc:datafield ind1="0" ind2="1" tag="689">
      <marc:subfield code="A">f</marc:subfield>
      <marc:subfield code="a">Ratgeber</marc:subfield>
   </marc:datafield>
   <marc:datafield ind1="0" ind2=" " tag="689">
      <marc:subfield code="5">DE-101</marc:subfield>
      <marc:subfield code="5">DE-101</marc:subfield>
   </marc:datafield>
   <marc:datafield ind1=" " ind2=" " tag="850">
      <marc:subfield code="a">DE-101a</marc:subfield>
   </marc:datafield>
   <marc:datafield ind1="4" ind2="2" tag="856">
      <marc:subfield code="m">V:DE-605</marc:subfield>
      <marc:subfield code="q">application/pdf</marc:subfield>
      <marc:subfield code="u">http://d-nb.info/973344237/04</marc:subfield>
      <marc:subfield code="3">Inhaltsverzeichnis</marc:subfield>
   </marc:datafield>
   <marc:datafield ind1="r" ind2=" " tag="925">
      <marc:subfield code="a">ra</marc:subfield>
   </marc:datafield>
</marc:record>
